National accounts for China sources and methods

Enregistré dans:
Détails bibliographiques
Format: Livre
Langue:anglais
Publié: Paris OECD 2000
Collection:Statistics
Sujets:
Tags: Ajouter un tag
Pas de tags, Soyez le premier à ajouter un tag!

MARC

LEADER 00000nam a2200000 4500
001 c124037
005 20221221084517.2
020 |a 92-64-18550-X 
041 0 |a eng 
044 |a FR 
245 1 0 |a National accounts for China  |b sources and methods 
264 1 |a Paris  |b OECD  |c 2000 
300 |a 136 s. 
490 1 |a Statistics 
830 0 |a Statistics 
610 2 0 |a účty národné 
610 2 0 |a systémy účtovné 
610 2 0 |a poľnohospodárstvo 
610 2 0 |a priemysel 
610 2 0 |a služby 
610 2 0 |a ceny 
610 2 0 |a metodika 
610 2 0 |a produkt domáci hrubý 
610 2 0 |a odhady 
610 2 0 |a Čína 
610 2 0 |a OECD 
610 2 0 |a štatistika